| 000 -LEADER |
| fixed length control field |
00709nam a22002297a 4500 |
| 008 - FIXED-LENGTH DATA ELEMENTS--GENERAL INFORMATION |
| fixed length control field |
151023b xxu||||| |||| 00| 0 eng d |
| 020 ## - INTERNATIONAL STANDARD BOOK NUMBER |
| International Standard Book Number |
9780808025726 |
| 041 0# - LANGUAGE CODE |
| Language code of text/sound track or separate title |
eng |
| 080 ## - UNIVERSAL DECIMAL CLASSIFICATION NUMBER |
| Universal Decimal Classification number |
336.28 |
| 245 ## - TITLE STATEMENT |
| Title |
2012 principles of business taxation / |
| Statement of responsibility, etc |
coordinating editor, Linda M. Johnson ; authors, Alan D. Campbell ... [et al.]. |
| 246 14 - VARYING FORM OF TITLE |
| Title proper/short title |
Principles of business taxation |
| 246 18 - VARYING FORM OF TITLE |
| Title proper/short title |
Principles of business taxation 2012 |
| 260 ## - |
| -- |
Chicago : |
| -- |
CCH, |
| -- |
2012. |
| 300 ## - |
| -- |
xvi, 738 f. : |
| -- |
me il.; |
| -- |
29 cm. |
| 650 #0 - |
| -- |
Biznesi |
| 650 #0 - |
| -- |
Ndërmarrjet |
| 650 #0 - |
| -- |
Taksa |
| 650 #0 - |
| -- |
Të ardhurat nga taksa |
| 700 1# - |
| -- |
Johnson, Linda M. |
| 700 1# - |
| -- |
Campbell, Alan D. |
| 942 ## - ADDED ENTRY ELEMENTS (KOHA) |
| Source of classification or shelving scheme |
|
| Item type |
Books |